World investment directory 1996 foreign direct investment, legal framework and corporate data. Africa
Guardado en:
| Formato: | Libro |
|---|---|
| Lenguaje: | inglés |
| Publicado: |
New York
United Nations
1997
|
| Colección: | UNCTAD/ITE/IIT/2
|
| Materias: | |
| Etiquetas: |
Sin Etiquetas, Sea el primero en etiquetar este registro!
|
MARC
| LEADER | 00000nam a2200000 4500 | ||
|---|---|---|---|
| 001 | c124751 | ||
| 005 | 20221124075042.4 | ||
| 020 | |a 92-1-104475-8 | ||
| 041 | 0 | |a eng | |
| 044 | |a US | ||
| 245 | 1 | 0 | |a World investment directory 1996 |b foreign direct investment, legal framework and corporate data. Africa |
| 264 | 1 | |a New York |b United Nations |c 1997 | |
| 300 | |a 461 s. | ||
| 490 | 1 | |a UNCTAD/ITE/IIT/2 | |
| 830 | 0 | |a UNCTAD/ITE/IIT/2 | |
| 610 | 2 | 0 | |a investície priame zahraničné |
| 610 | 2 | 0 | |a investície v zahraničí |
| 610 | 2 | 0 | |a investície zahraničné |
| 610 | 2 | 0 | |a investície zo zahraničia |
| 610 | 2 | 0 | |a Afrika |
| 610 | 2 | 0 | |a svet |
| 610 | 2 | 0 | |a 1996 |